| 000 | 01692cam a2200361Ii 4500 | ||
|---|---|---|---|
| 999 |
_c27547 _d27547 |
||
| 001 | 9781420064001 | ||
| 003 | OSt | ||
| 005 | 20240802171234.0 | ||
| 006 | a|||||o|||| 00| 0 | ||
| 008 | 180706s2006 flua ob 001 0 eng d | ||
| 020 |
_a9781420064001 _q(e-book : PDF) |
||
| 020 |
_a9781315219028 _q(e-book) |
||
| 020 |
_a9781351826228 _q(e-book: Mobi) |
||
| 020 |
_z9780849310812 _q(hardback) |
||
| 024 | 7 |
_a10.1201/9781315219028 _2doi |
|
| 035 | _a(OCoLC)670197445 | ||
| 040 | _cimu-kc | ||
| 050 | 4 |
_aTS156.8 _b.I57 2006 |
|
| 082 | 0 | 4 |
_a629.8 _bI599 |
| 245 | 0 | 0 |
_aInstrument engineers' handbook. _nVol. 2, _pProcess control and optimization / _cBela G. Liptak, editor-in-chief. |
| 246 | 3 | _aProcess control and optimization | |
| 250 | _aFourth edition. | ||
| 264 | 1 |
_aBoca Raton, Fla. : _bCRC/Taylor & Francis, _c2006. |
|
| 300 | _a1 online resource (lxx, 2,387 pages) | ||
| 500 | _aRev. ed. of: Instrument engineers' handbook. Process measurement and analysis. c1995 and Instrument engineers' handbook. Process control. c1995. | ||
| 505 | 0 | _achapter 1 General -- chapter 2 Control Theory -- chapter 3 Transmitters and Local Controllers -- chapter 4 Control Room Equipment -- chapter 5 PLCs and Other Logic Devices -- chapter 6 Control Valve Selection and Sizing -- chapter 7 Regulators and Final Control Elements -- chapter 8 Control and Optimization of Unit Operations. | |
| 650 | 0 |
_aMeasuring instruments _vHandbooks, manuals, etc. |
|
| 650 | 0 |
_aProcess control _vHandbooks, manuals, etc. |
|
| 700 | 1 | _aLiptak, Bela G. | |
| 776 | 0 | 8 |
_iPrint version: _z9780849310812 |
| 856 | 4 | 0 |
_uhttps://www.taylorfrancis.com/books/9781420064001 _zClick here to view. |
| 942 |
_2ddc _cEBK |
||